000 00540nam a2200217Ia 4500
003 OSt
005 20220928143238.0
006 a|||||r|||| 00| 0
007 ta
008 220927b |||||||| |||| 00| 0 eng d
024 _a21484
037 _cTextual
040 _aSDCL
_cSDCL
_beng
041 _2eng
_aeng
082 _a4.2'N, P2
100 _aMishra Smita
_9393874
245 0 _aBhartiya mediya
_b anterrang pahchan.
260 _c2002
942 _h4.2'N, P2
_cTEXL
_2CC
999 _c823523
_d823523